| 000 | 01145nam0a22002891 4500 | ||
|---|---|---|---|
| 001 | rc\2286577 | ||
| 005 | 20260406205841.0 | ||
| 035 | _a(NLR Aleph) 006534245 | ||
| 090 |
_a6566969 _c6566969 |
||
| 100 | _a20110826d1978 |||y0rusy50 ca | ||
| 101 | 0 | _arus | |
| 102 | _aRU | ||
| 105 | _aa z ||||| | ||
| 200 | 1 |
_aБезопасное ведение работ на разрезах _eСб. науч. тр. _fГос. н.-и. и проект. ин-т угол. пром-сти |
|
| 210 |
_aКиев _cУкрНИИпроект _d1978 |
||
| 215 |
_a110 с., 1 л. ил. _cил. _d20 |
||
| 320 | _aБиблиогр. в конце работ | ||
| 606 |
_aУгольные карьеры _jСборники _xОхрана труда _2psbo |
||
| 686 |
_aИ310.2н6я43 _2rubbk |
||
| 712 | 0 | 2 |
_aНаучно-исследовательский и проектный институт угольной промышленности _cКиев _3RU\NLR\AUTH\889966541 _9429436 |
| 801 | 0 |
_aRU _bNLR _gpsbo |
|
| 801 | 1 |
_aRU _bELAR _2rusmarc |
|
| 852 |
_aNLR _j79-3/3560 |
||
| 899 |
_aRuMoRGB _jБ 79-2/9 |
||
| 899 |
_aRuMoRGB _jБ 79-2/10 |
||
| 942 | _cBOOK | ||
| 980 | _aNB | ||